[Event "BCF-chT3Sa 1819 (4NCL)"]
[Site "England"]
[Date "2019.01.12"]
[Round "3.15"]
[White "Bourne, Iain"]
[Black "Davey, Mark"]
[Result "1-0"]
[WhiteElo "1872"]
[BlackElo "2050"]
[PlyCount "139"]
[EventDate "2018.11.17"]
[EventType "team-tourn"]
[EventRounds "7"]
[EventCountry "ENG"]
[SourceTitle "EXT 2021"]
[Source "ChessBase"]
[SourceDate "2020.10.23"]
[SourceVersion "1"]
[SourceVersionDate "2020.10.23"]
[SourceQuality "1"]
[WhiteTeam "Leeds University Old Boys"]
[BlackTeam "Kings Head"]
[WhiteTeamCountry "ENG"]
[BlackTeamCountry "ENG"]

1. d4 Nf6 2. c4 e6 3. Nc3 d5 4. cxd5 exd5 5. Bg5 Nbd7 6. e3 c6 7. Bd3 Qb6 8. Qc2 Bd6 9. Nf3 h6 10. Bh4 a5 11. 0-0 0-0 12. Rab1 Qa7 13. Na4 Re8 14. Nd2 Qb8 15. Bg3 Bxg3 16. hxg3 Qd6 17. Rfc1 Ng4 18. Nf1 g6 19. a3 Kg7 20. Qd1 h5 21. Qf3 b5 22. Nc5 Nxc5 23. Rxc5 Re6 24. Rbc1 Bb7 25. Qd1 Rae8 26. R1c2 Rh8 27. a4 bxa4 28. Rxa5 Qb4 29. Qd2 Qe7 30. Be2 Qg5 31. Qd1 Rf6 32. Bf3 Bc8 33. e4 Rd6 34. e5 Re6 35. Qc1 Qd8 36. Rxa4 Bd7 37. Rc5 Qb6 38. Qc3 Rb8 39. b4 f6 40. Bxg4 hxg4 41. Ne3 f5 42. Nc2 Qd8 43. Ra7 Re7 44. Qe3 Ra8 45. Rca5 Rxa7 46. Rxa7 Qb8 47. Qa3 Kf7 48. Qa5 Ke6 49. Na1 Qh8 50. Nb3 Kf7 51. Qc5 Qb8 52. Na5 Qe8 53. Qd6 Be6 54. Rxe7+ Qxe7 55. Qxe7+ Kxe7 56. Nxc6+ Kd7 57. Na5 Kc7 58. Nb3 Kc6 59. Nc5 Bf7 60. Kf1 Be8 61. Ke2 Kb5 62. Ne6 Kb6 63. Ng7 Bb5+ 64. Ke3 Kc6 65. Kf4 Kd7 66. Kg5 Ke7 67. Kxg6 Bd3 68. Kg5 Kf7 69. Nxf5 Ke6 70. Ne3 1-0

[Event "BCF-chT2 1718 (4NCL) Demotion pool"]
[Site "England"]
[Date "2018.05.07"]
[Round "11.67"]
[White "Davey, Mark"]
[Black "Baruch, Andrew JD"]
[Result "1-0"]
[WhiteElo "1987"]
[BlackElo "2060"]
[PlyCount "67"]
[EventDate "2017.11.11"]
[EventType "team-tourn"]
[EventRounds "11"]
[EventCountry "ENG"]
[SourceTitle "EXT 2020"]
[Source "ChessBase"]
[SourceDate "2019.10.17"]
[SourceVersion "1"]
[SourceVersionDate "2019.10.17"]
[SourceQuality "1"]
[WhiteTeam "Kings Head"]
[BlackTeam "Warwicks Select"]
[WhiteTeamCountry "ENG"]
[BlackTeamCountry "ENG"]

1. d4 g6 2. c4 Bg7 3. Nf3 d6 4. Nc3 c6 5. e4 Bg4 6. Be2 Bxf3 7. Bxf3 Qb6 8. d5 c5 9. 0-0 Nd7 10. Be2 Ngf6 11. f4 0-0 12. Qc2 a6 13. Re1 Rfb8 14. a4 Ne8 15. Bg4 Qd8 16. Bxd7 Qxd7 17. e5 Nc7 18. a5 b5 19. axb6 Rxb6 20. Bd2 Rab8 21. Na4 Rb3 22. Bc3 e6 23. exd6 Qxd6 24. Be5 Bxe5 25. fxe5 Qd8 26. d6 Na8 27. Qf2 R8b4 28. Qxc5 Nb6 29. Qc7 Qxc7 30. dxc7 Rxc4 31. Rec1 Rxc1+ 32. Rxc1 Nc8 33. Rd1 Ne7 34. Rd7 1-0

[Event "BCF-chT2a 1718 (4NCL)"]
[Site "England"]
[Date "2018.02.10"]
[Round "5.23"]
[White "Birtwistle, Nigel"]
[Black "Davey, Mark"]
[Result "1-0"]
[WhiteElo "2143"]
[BlackElo "1990"]
[PlyCount "129"]
[EventDate "2017.11.11"]
[EventType "team-tourn"]
[EventRounds "7"]
[EventCountry "ENG"]
[SourceTitle "EXT 2020"]
[Source "ChessBase"]
[SourceDate "2019.10.17"]
[SourceVersion "1"]
[SourceVersionDate "2019.10.17"]
[SourceQuality "1"]
[WhiteTeam "Grantham Sharks II"]
[BlackTeam "Kings Head"]
[WhiteTeamCountry "ENG"]
[BlackTeamCountry "ENG"]

1. Nf3 d5 2. c4 e6 3. g3 Nf6 4. Bg2 Be7 5. 0-0 0-0 6. d4 Nbd7 7. Qc2 Ne4 8. Nc3 f5 9. cxd5 Nxc3 10. bxc3 exd5 11. c4 Nf6 12. cxd5 Nxd5 13. Qb3 Kh8 14. Ne5 c6 15. e3 Bd6 16. Ba3 Bxa3 17. Qxa3 Be6 18. Rab1 Nb6 19. Rfc1 Re8 20. Qa5 Qe7 21. a4 Bd5 22. Qb4 Bxg2 23. Kxg2 Rab8 24. Qxe7 Rxe7 25. a5 Nd7 26. Nxd7 Rxd7 27. Rxc6 Kg8 28. Rc5 g6 29. h4 Kf7 30. h5 b6 31. hxg6+ hxg6 32. axb6 axb6 33. Rc6 b5 34. Rb4 Rdb7 35. Kf3 Re7 36. Rc5 Reb7 37. Kf4 Re8 38. Rcxb5 Rc7 39. Rb7 Ree7 40. Rxc7 Rxc7 41. Rb6 Rc2 42. f3 Rf2 43. g4 fxg4 44. Kxg4 Rg2+ 45. Kf4 Rh2 46. Ke4 Rh5 47. f4 Rh3 48. d5 Rg3 49. Kd4 Rf3 50. Re6 Rh3 51. e4 Rh4 52. Ke5 Rh5+ 53. Kd6 Rh4 54. e5 Rxf4 55. Rf6+ Rxf6+ 56. exf6 g5 57. Ke5 g4 58. d6 g3 59. d7 g2 60. d8Q g1Q 61. Qe7+ Kg8 62. f7+ Kh8 63. f8Q+ Qg8 64. Qh6+ Qh7 65. Qhxh7# 1-0

[Event "Gibraltar Challengers-B 11th"]
[Site "Caleta"]
[Date "2013.01.27"]
[Round "2"]
[White "Smith, Andrew Philip"]
[Black "Davey, Mark"]
[Result "0-1"]
[WhiteElo "2194"]
[BlackElo "1990"]
[PlyCount "98"]
[EventDate "2013.01.26"]
[EventType "swiss"]
[EventRounds "5"]
[EventCountry "GGB"]
[SourceTitle "EXT 2014"]
[Source "ChessBase"]
[SourceDate "2013.11.20"]
[SourceVersion "1"]
[SourceVersionDate "2013.11.20"]
[SourceQuality "1"]

1. e4 Nf6 2. e5 Nd5 3. c4 Nb6 4. c5 Nd5 5. Bc4 e6 6. Qg4 f5 7. Qg3 b6 8. Nf3 Ba6 9. Na3 Bxc4 10. Nxc4 bxc5 11. 0-0 Nc6 12. d3 Qe7 13. Bd2 Qf7 14. Rac1 Be7 15. Na5 Nxa5 16. Bxa5 Rb8 17. b3 0-0 18. Nd2 Qh5 19. f4 Rb5 20. Nc4 Kh8 21. Bd2 h6 22. Qf3 Qxf3 23. Rxf3 Nb4 24. Be1 Ra8 25. a4 Rbb8 26. Nd2 Nc6 27. Bf2 d6 28. d4 Nxd4 29. Bxd4 cxd4 30. Rxc7 Bd8 31. Rc6 dxe5 32. fxe5 Bg5 33. Nc4 Re8 34. Rd3 Rad8 35. Kf1 Rd5 36. g3 Kg8 37. Ke2 Bd8 38. Nd6 Re7 39. Nc4 Bc7 40. Kf3 Bxe5 41. Nxe5 Rxe5 42. Rxd4 Re1 43. b4 e5 44. Rd8+ Kf7 45. b5 e4+ 46. Kf2 Ra1 47. Ra6 e3+ 48. Ke2 Ra2+ 49. Ke1 e2 0-1

[Event "Leuven op 24th"]
[Site "Leuven"]
[Date "2012.11.04"]
[Round "7"]
[White "Davey, Mark"]
[Black "Froeyman, Helmut"]
[Result "0-1"]
[WhiteElo "1990"]
[BlackElo "2310"]
[PlyCount "94"]
[EventDate "2012.11.01"]
[EventType "swiss"]
[EventRounds "7"]
[EventCountry "BEL"]
[SourceTitle "EXT 2013"]
[Source "ChessBase"]
[SourceDate "2012.11.22"]
[SourceVersion "1"]
[SourceVersionDate "2012.11.22"]
[SourceQuality "1"]

1. e4 e5 2. Nf3 Nc6 3. Bb5 a6 4. Ba4 Nf6 5. 0-0 Be7 6. Re1 b5 7. Bb3 d6 8. c3 0-0 9. a4 b4 10. d4 bxc3 11. bxc3 Rb8 12. h3 exd4 13. cxd4 d5 14. e5 Ne4 15. Nbd2 Bb4 16. Re3 Bf5 17. Ba3 Nxd2 18. Bxb4 Nxb3 19. Rxb3 Nxb4 20. Rc3 Re8 21. Qd2 Be4 22. Ng5 h6 23. Nxe4 dxe4 24. Rg3 Kh8 25. Rd1 Nd3 26. Qe3 Nxe5 27. Qxe4 Qd7 28. d5 a5 29. Qc2 Ng6 30. Rc3 Re7 31. Rc5 Ra8 32. Rc1 Nf4 33. Kh1 Rc8 34. Qc4 Nxh3 35. gxh3 Qxh3+ 36. Kg1 Rce8 37. Qc3 Qg4+ 38. Qg3 Qxa4 39. Rxc7 Re1+ 40. Rxe1 Rxe1+ 41. Kh2 Qe4 42. f3 Re2+ 43. Kh3 Qxd5 44. Qg4 Qe5 45. Qc8+ Kh7 46. Rc5 Rh2+ 47. Kg4 h5# 0-1

[Event "Leuven op 24th"]
[Site "Leuven"]
[Date "2012.11.04"]
[Round "4"]
[White "Tomov, Georgi"]
[Black "Davey, Mark"]
[Result "1-0"]
[WhiteElo "2279"]
[BlackElo "1990"]
[PlyCount "119"]
[EventDate "2012.11.01"]
[EventType "swiss"]
[EventRounds "7"]
[EventCountry "BEL"]
[SourceTitle "EXT 2013"]
[Source "ChessBase"]
[SourceDate "2012.11.22"]
[SourceVersion "1"]
[SourceVersionDate "2012.11.22"]
[SourceQuality "1"]

1. d4 e6 2. c4 f5 3. g3 Nf6 4. Bg2 Bb4+ 5. Bd2 Bxd2+ 6. Qxd2 0-0 7. Nc3 d6 8. Nh3 c6 9. Rd1 Qe7 10. d5 cxd5 11. cxd5 e5 12. Ng5 Bd7 13. e4 fxe4 14. Ncxe4 Na6 15. 0-0 Rac8 16. f4 Nc5 17. Nxc5 Rxc5 18. fxe5 dxe5 19. d6 Qd8 20. b4 Rc8 21. Qe3 Qb6 22. Qxb6 axb6 23. Bxb7 Rc2 24. Ne4 Bg4 25. Rc1 Rxc1 26. Rxc1 Rd8 27. Nxf6+ gxf6 28. Rc6 Rb8 29. Rc7 Rd8 30. Bd5+ Kh8 31. Rc6 Rb8 32. Kf2 Kg7 33. Rc7+ Kg6 34. Be4+ Bf5 35. Ke3 h6 36. g4 Bxe4 37. Kxe4 Rd8 38. Kd5 Kg5 39. Rc4 b5 40. Re4 Kg6 41. Kc6 Kf7 42. Re2 Ke6 43. Rd2 Rc8+ 44. Kxb5 Kd7 45. a4 h5 46. h3 hxg4 47. hxg4 Rb8+ 48. Kc5 Rc8+ 49. Kd5 Rc6 50. Rd3 Rc1 51. a5 Rb1 52. Kc5 Rg1 53. a6 Rxg4 54. a7 Rg8 55. Ra3 Ra8 56. Kd5 e4 57. Rh3 f5 58. Rh7+ Kc8 59. Kc6 Rxa7 60. Rh8# 1-0

[Event "Ghent Taminco op 35th"]
[Site "Ghent"]
[Date "2012.07.14"]
[Round "2"]
[White "Docx, Stefan"]
[Black "Davey, Mark"]
[Result "1-0"]
[WhiteElo "2392"]
[BlackElo "2000"]
[PlyCount "65"]
[EventDate "2012.07.14"]
[EventType "swiss"]
[EventRounds "9"]
[EventCountry "BEL"]
[SourceTitle "CBM 149 Extra"]
[Source "ChessBase"]
[SourceDate "2012.08.24"]
[SourceVersion "1"]
[SourceVersionDate "2012.08.24"]
[SourceQuality "1"]

1. c4 e5 2. g3 c5 3. Bg2 Nc6 4. Nc3 d6 5. Nf3 g6 6. 0-0 Bg7 7. a3 Nge7 8. b4 0-0 9. Rb1 Bf5 10. d3 Qd7 11. Qa4 Rfb8 12. Ng5 a6 13. bxc5 dxc5 14. Be3 b6 15. Nd5 b5 16. Nxe7+ Nxe7 17. Bxa8 Rxa8 18. cxb5 Nd5 19. Qc4 axb5 20. Rxb5 h6 21. Ne4 Nxe3 22. fxe3 Be6 23. Qxc5 Rc8 24. Qb6 Bh3 25. Re1 Qg4 26. Rc5 Rxc5 27. Qxc5 Qd7 28. Rb1 f5 29. Rb8+ Kh7 30. Nf2 f4 31. Nxh3 Qxh3 32. Qc8 Qxc8 33. Rxc8 1-0

[Event "BCF-chT2a 1112 (4NCL)"]
[Site "England"]
[Date "2012.02.12"]
[Round "6.6"]
[White "Davey, Mark"]
[Black "Lee, Richard WY"]
[Result "0-1"]
[WhiteElo "2005"]
[BlackElo "2030"]
[PlyCount "120"]
[EventDate "2011.11.12"]
[EventType "team-tourn"]
[EventRounds "7"]
[EventCountry "ENG"]
[SourceTitle "EXT 2013"]
[Source "ChessBase"]
[SourceDate "2012.11.22"]
[SourceVersion "1"]
[SourceVersionDate "2012.11.22"]
[SourceQuality "1"]
[WhiteTeam "Kings Head"]
[BlackTeam "Cambridge II"]
[WhiteTeamCountry "ENG"]
[BlackTeamCountry "ENG"]

1. e4 e6 2. d4 d5 3. Bd3 dxe4 4. Bxe4 Nf6 5. Bf3 c5 6. c3 Nc6 7. Ne2 Be7 8. Bxc6+ bxc6 9. 0-0 Ba6 10. Re1 0-0 11. Be3 Nd5 12. Qc1 Rb8 13. Nd2 Qb6 14. b3 Nxe3 15. fxe3 cxd4 16. exd4 c5 17. Nf3 Rfd8 18. Kh1 Bf6 19. Qe3 Rbc8 20. Rad1 Qa5 21. c4 Bb7 22. dxc5 Qxa2 23. Ned4 Bxd4 24. Rxd4 Rxd4 25. Qxd4 Bxf3 26. gxf3 Qxb3 27. Re3 Qb7 28. Rd3 h6 29. Qe3 Qc7 30. Kg2 a5 31. Qd2 Qxc5 32. Rd8+ Rxd8 33. Qxd8+ Kh7 34. Qd3+ g6 35. Qd7 Kg7 36. Qb5 Qxb5 37. cxb5 a4 38. b6 a3 39. b7 a2 40. b8Q a1Q 41. Qb3 Qe5 42. Qc2 Qf4 43. Qb2+ Qf6 44. Qe2 Qg5+ 45. Kf2 h5 46. Qb2+ Kh7 47. Qd4 h4 48. Qd7 Qf4 49. Kg2 h3+ 50. Kxh3 Qxf3+ 51. Kh4 e5 52. Qe7 e4 53. Kg5 Qf5+ 54. Kh4 Qf4+ 55. Kh3 Qf3+ 56. Kh4 e3 57. Qa3 Qf4+ 58. Kh3 e2 59. Qc3 Qf1+ 60. Kg4 e1Q 0-1

[Event "BCF-chT2 1011 (4NCL)"]
[Site "England"]
[Date "2011.01.15"]
[Round "3.77"]
[White "Davey, Mark"]
[Black "Ashton, David"]
[Result "1-0"]
[WhiteElo "2002"]
[BlackElo "2010"]
[PlyCount "73"]
[EventDate "2010.11.06"]
[EventType "team-swiss"]
[EventRounds "11"]
[EventCountry "ENG"]
[SourceTitle "EXT 2012"]
[Source "ChessBase"]
[SourceDate "2011.11.24"]
[SourceVersion "1"]
[SourceVersionDate "2011.11.24"]
[SourceQuality "1"]
[WhiteTeam "Kings Head"]
[BlackTeam "3CS Oldham"]
[WhiteTeamCountry "ENG"]
[BlackTeamCountry "ENG"]

1. d4 g6 2. e3 Bg7 3. f4 d5 4. Nf3 c5 5. Be2 Nc6 6. 0-0 cxd4 7. exd4 Qb6 8. c3 Nf6 9. Kh1 Ne4 10. Nbd2 h6 11. Nxe4 dxe4 12. Ne5 Nxe5 13. fxe5 Be6 14. Qc2 Bd5 15. b3 Rc8 16. Qb2 f6 17. c4 fxe5 18. Bg4 Be6 19. Bxe6 Qxe6 20. d5 Qb6 21. Qe2 Rf8 22. Be3 Qd6 23. Qg4 Kd8 24. Rxf8+ Bxf8 25. Rf1 Kc7 26. Qxe4 e6 27. Rf7+ Kb8 28. dxe6 Rc7 29. Rf1 Be7 30. Qxg6 Rc6 31. Qxh6 Qd3 32. Qh8+ Rc8 33. Qxe5+ Bd6 34. Qxd6+ Qxd6 35. Bf4 Kc7 36. Bxd6+ Kxd6 37. Re1 1-0

[Event "BCF-chT2 0708 (4NCL)"]
[Site "Sunningdale"]
[Date "2008.05.05"]
[Round "11.7"]
[White "Davey, Mark"]
[Black "Yurenok, Maria S"]
[Result "1/2-1/2"]
[WhiteElo "2020"]
[BlackElo "2043"]
[PlyCount "134"]
[EventDate "2007.09.15"]
[EventType "team-tourn"]
[EventRounds "11"]
[EventCountry "ENG"]
[SourceTitle "EXT 2023"]
[Source "ChessBase"]
[SourceDate "2022.10.05"]
[SourceVersion "1"]
[SourceVersionDate "2022.10.05"]
[SourceQuality "1"]
[WhiteTeam "Kings Head"]
[BlackTeam "Pride and Prejudice"]
[WhiteTeamCountry "ENG"]
[BlackTeamCountry "ENG"]

1. e4 c5 2. b4 cxb4 3. a3 d5 4. e5 e6 5. d4 Nc6 6. axb4 Bxb4+ 7. c3 Bf8 8. Bd3 Bd7 9. Nf3 h6 10. 0-0 Nge7 11. Ba3 a6 12. h4 b5 13. Bd6 Na5 14. Nbd2 Nc4 15. Nxc4 dxc4 16. Be4 Nd5 17. Bxd5 exd5 18. Bxf8 Kxf8 19. Qc1 g6 20. Qf4 Kg7 21. Nh2 Re8 22. Ng4 Bxg4 23. Qxg4 Qc8 24. Qxc8 Rexc8 25. Ra5 Rc6 26. Rfa1 Rb6 27. Rb1 Re8 28. f4 h5 29. Kf2 Kf8 30. Kf3 Rc8 31. Rb4 Ke7 32. Ke3 Ke6 33. Ra2 Kd7 34. Ra5 Kc7 35. Kf3 Rc6 36. Rb1 Rb8 37. Ke3 Kb6 38. Rba1 Kb7 39. Rb1 Kb6 40. Rba1 Ra8 41. Ke2 f6 42. Ke3 Re6 43. g3 Re7 44. Kf3 fxe5 45. fxe5 Rf7+ 46. Ke3 Kb7 47. Ke2 Kb6 48. Ke3 Rf5 49. Ke2 g5 50. hxg5 Rxg5 51. Kf3 Rg6 52. Kf2 Kb7 53. Rg1 Rf8+ 54. Ke2 h4 55. g4 Rf4 56. g5 Rf5 57. Rh1 Rfxg5 58. Rxh4 Kb6 59. Ra1 a5 60. Rf1 b4 61. Rf7 b3 62. Rh8 Kb5 63. Rd8 b2 64. Rb7+ Ka6 65. Rdb8 Rg2+ 66. Kf3 R2g3+ 67. Kf4 R3g4+ 1/2-1/2

[Event "Leuven op 16th"]
[Site "Leuven"]
[Date "2004.11.11"]
[Round "1"]
[White "Davey, Mark"]
[Black "De Wachter, Matthias"]
[Result "0-1"]
[WhiteElo "2020"]
[BlackElo "2274"]
[PlyCount "127"]
[EventDate "2004.11.11"]
[EventType "swiss"]
[EventRounds "7"]
[EventCountry "BEL"]
[SourceTitle "EXT 2005"]
[Source "ChessBase"]
[SourceDate "2004.11.15"]
[SourceVersion "1"]
[SourceVersionDate "2004.11.15"]
[SourceQuality "1"]

1. e4 c5 2. b4 cxb4 3. d4 d5 4. e5 Nc6 5. a3 Qb6 6. Be3 Bf5 7. Bd3 Bxd3 8. Qxd3 e6 9. Ne2 Nge7 10. 0-0 Nf5 11. axb4 Nxb4 12. Qb3 Rc8 13. c3 Nc6 14. Qxb6 axb6 15. Nd2 Be7 16. Rfb1 Bd8 17. c4 Nce7 18. Rc1 0-0 19. g4 Nh4 20. Bg5 Nc6 21. Bxh4 Bxh4 22. Nf3 Be7 23. cxd5 exd5 24. Nf4 Nb4 25. Rxc8 Rxc8 26. Ra7 Rb8 27. Kg2 h6 28. h4 Kf8 29. g5 hxg5 30. hxg5 g6 31. Kg3 Bd8 32. Kg4 b5 33. Ra1 Rc8 34. Rh1 Kg7 35. e6 Bc7 36. Rc1 Nc6 37. Nxd5 fxe6 38. Nf6 Bd8 39. Ne8+ Kf8 40. Nd6 Ne5+ 41. Nxe5 Rxc1 42. Nxb5 Rg1+ 43. Kf3 Rxg5 44. Ke4 Bf6 45. f4 Rg1 46. Nd3 Ke7 47. Nc3 g5 48. Ne2 Ra1 49. fxg5 Bxg5 50. Nc3 Bf6 51. Nc5 b6 52. Nd3 Rh1 53. Nb5 Rh5 54. Ne5 Bxe5 55. dxe5 Rh4+ 56. Kd3 Kd7 57. Nd4 Rxd4+ 58. Kxd4 Kc6 59. Kc4 b5+ 60. Kd4 Kb6 61. Kc3 Kc5 62. Kb3 Kd4 63. Kb4 Kxe5 64. Kxb5 0-1